| 000 | 00502 a2200157 4500 | ||
|---|---|---|---|
| 999 |
_c1863 _d1863 |
||
| 020 | _a9781483303918 | ||
| 050 | _aHM 1033 HUT 2015 | ||
| 100 |
_aHutchison, Elizabeth D _eauthor |
||
| 245 |
_aDimensions of human behavior : _bperson and environment / _cElizabeth D Hutchison |
||
| 250 | _a5th ed. | ||
| 264 |
_aLondon: _bSage, _c2015 |
||
| 300 |
_a592p. _bill. (col .) |
||
| 500 | _aincludes index and bibliographical references | ||
| 650 | _aSocial structure | ||
| 942 |
_2lcc _cBK _e5th ed. _h1033 _iHUT _kHM |
||